01295nam a2200337Ia 4500001001200000003000800012006001900020007001500039008004100054010001700095020001800112020002600130040002100156035002100177050002200198100002200220245009500242246004600337260006500383300001100448504005100459533015200510650002300662650001600685650001500701651005000716655002900766710001700795856012600812999001900938ebr10218312CaPaEBRm u cr cn|||||||||080825s2003 cau sb 001 0 eng d z 2002112351 z9780803979321 z9781847871473 (ebook) aCaPaEBRcCaPaEBR a(OCoLC)29711565814aJA66b.M34 2003eb1 aMcAuley, James W.13aAn introduction to politics, state and societyh[electronic resource] /cJames W. McAuley.14aIntroduction to politics, state & society aThousand Oaks, Calif. ;aLondon :bSage Publications,c2003. a232 p. aIncludes bibliographical references and index. aElectronic reproduction.bPalo Alto, Calif. :cebrary,d2009.nAvailable via World Wide Web.nAccess may be limited to ebrary affiliated libraries. 0aPolitical science. 0aState, The. 0aSociology. 0aGreat BritainxPolitics and governmenty1945- 7aElectronic books.2local2 aebrary, Inc.40uhttp://site.ebrary.com/lib/rucke/Doc?id=10218312zAn electronic book accessible through the World Wide Web; click to view c129674d129674